[Event "Calgary int."]
[Site "Calgary CAN"]
[Date "2019.08.03"]
[Round "6.2"]
[White "Malek, Omid"]
[Black "Zhao, Ian"]
[Result "0-1"]
[WhiteElo "2141"]
[BlackElo "2198"]
[PlyCount "60"]
[EventDate "2019.07.31"]
[EventType "tourn"]
[EventRounds "10"]
[EventCountry "CAN"]
[EventCategory "1"]
[Source "Mark Crowther"]
[SourceDate "2019.08.05"]

1. d4 Nf6 2. Bf4 e6 3. e3 c5 4. c3 d5 5. Nd2 Nc6 6. Ngf3 Be7 7. Bd3 Nh5 8. Be5
f6 9. Bg3 g6 10. O-O Nxg3 11. hxg3 O-O 12. dxc5 Bxc5 13. e4 a6 14. Qc2 Qd6 15.
Rad1 Qxg3 16. Nb3 Ba7 17. Nbd4 Qc7 18. Qb1 Kg7 19. Rfe1 Nxd4 20. cxd4 Qf7 21.
b3 Bd7 22. Qb2 Bc6 23. e5 f5 24. Ng5 Qe7 25. f4 h6 26. Nf3 g5 27. g3 Be8 28.
Rd2 Rc8 29. Rh2 g4 30. Nh4 Qb4 0-1

[Event "Calgary int."]
[Site "Calgary CAN"]
[Date "2019.08.03"]
[Round "6.3"]
[White "Sarkar, Justin"]
[Black "Bryant, John"]
[Result "1-0"]
[WhiteElo "2389"]
[BlackElo "2417"]
[PlyCount "129"]
[EventDate "2019.07.31"]
[EventType "tourn"]
[EventRounds "10"]
[EventCountry "CAN"]
[EventCategory "1"]
[Source "Mark Crowther"]
[SourceDate "2019.08.05"]

1. d4 e6 2. e4 d5 3. Nd2 c5 4. exd5 Qxd5 5. dxc5 Bxc5 6. Ngf3 Nf6 7. Bc4 Qh5 8.
Qe2 O-O 9. Nf1 Nc6 10. Ng3 Qg6 11. Bd3 Qg4 12. Ne4 Nxe4 13. Bxe4 e5 14. h3 Qh5
15. Rh2 Bxf2+ 16. Qxf2 f5 17. Bd5+ Kh8 18. Be3 e4 19. Nd2 Nb4 20. Bb3 f4 21. g3
Be6 22. gxf4 Bxb3 23. Nxb3 Rac8 24. Nc5 b6 25. a3 Nd5 26. Ne6 Rfe8 27. Nd4 Rf8
28. Qg3 Rf6 29. f5 h6 30. Rg2 Rg8 31. c4 Nxe3 32. Qxe3 Rd8 33. Rg4 Qf7 34. Ne6
Rxf5 35. Nxd8 Rf1+ 36. Kd2 Qd7+ 37. Kc2 Rxa1 38. Rxe4 Kh7 39. Rd4 Qa4+ 40. Kc3
b5 41. Qe4+ Kg8 42. Qd5+ Kh7 43. Qf5+ Kg8 44. Ne6 Rc1+ 45. Kd2 Qd1+ 46. Ke3
Qe1+ 47. Kf4 Qf2+ 48. Ke5 Re1+ 49. Re4 Qxb2+ 50. Kd5 Rxe4 51. Qxe4 bxc4 52. Qd4
Qb5+ 53. Nc5 Qa5 54. a4 c3 55. Kc4 g5 56. Qxc3 Qxc3+ 57. Kxc3 Kf7 58. Kd4 h5
59. Ne4 Kg6 60. Ke5 a5 61. Ke6 h4 62. Nf2 g4 63. Nxg4 Kg5 64. Ke5 Kh5 65. Kf6
1-0

[Event "Calgary int."]
[Site "Calgary CAN"]
[Date "2019.08.03"]
[Round "7.1"]
[White "Sarkar, Justin"]
[Black "Bitan, Banerjee"]
[Result "0-1"]
[WhiteElo "2389"]
[BlackElo "2423"]
[PlyCount "124"]
[EventDate "2019.07.31"]
[EventType "tourn"]
[EventRounds "10"]
[EventCountry "CAN"]
[EventCategory "1"]
[Source "Mark Crowther"]
[SourceDate "2019.08.05"]

1. e4 c5 2. Nf3 d6 3. d4 cxd4 4. Nxd4 Nf6 5. Nc3 a6 6. Bc4 e6 7. O-O b5 8. Bb3
Be7 9. Qf3 Qb6 10. Be3 Qb7 11. Qg3 O-O 12. Bh6 Ne8 13. Rfd1 Bd7 14. f3 Nc6 15.
Nxc6 Bxc6 16. Ne2 Qb6+ 17. Kh1 a5 18. c3 a4 19. Bc2 b4 20. cxb4 Qxb4 21. Rab1
Bf6 22. Bg5 Bxg5 23. Qxg5 Nf6 24. Rd4 Qb8 25. Nc3 Rc8 26. a3 h6 27. Qd2 d5 28.
exd5 Nxd5 29. Nxd5 Bxd5 30. Bxa4 Ra7 31. Rb4 Qa8 32. Bb3 Bxb3 33. Rxb3 Rac7 34.
Rd3 Kh7 35. Rd7 Qa4 36. Qd3+ g6 37. Rxc7 Rxc7 38. h3 Rd7 39. Qe4 Qb3 40. h4 h5
41. Kh2 Qb8+ 42. Kh3 Qc8 43. Kh2 Qb8+ 44. Kh1 Rd2 45. Qe1 Qd8 46. b4 Rd4 47.
Kg1 Rxh4 48. Qe3 Rd4 49. b5 Rd3 50. Qf4 Qb6+ 51. Kh2 Kg8 52. a4 Rd4 53. a5 Qd8
54. Qxd4 Qxd4 55. b6 Qd3 56. Ra1 Qd6+ 57. Kh1 Qe5 58. Ra2 Qe1+ 59. Kh2 Qh4+ 60.
Kg1 Qc4 61. b7 Qc1+ 62. Kf2 Qc5+ 0-1

[Event "Calgary int."]
[Site "Calgary CAN"]
[Date "2019.08.03"]
[Round "7.2"]
[White "Bryant, John"]
[Black "Malek, Omid"]
[Result "1-0"]
[WhiteElo "2417"]
[BlackElo "2141"]
[PlyCount "59"]
[EventDate "2019.07.31"]
[EventType "tourn"]
[EventRounds "10"]
[EventCountry "CAN"]
[EventCategory "1"]
[Source "Mark Crowther"]
[SourceDate "2019.08.05"]

1. e4 e6 2. d4 d5 3. Nc3 Nc6 4. Nf3 Nf6 5. e5 Ne4 6. Bd3 Bb4 7. Bd2 Nxd2 8.
Qxd2 f6 9. a3 Be7 10. Qf4 g5 11. Qg3 f5 12. Ne2 g4 13. Nd2 h5 14. h3 h4 15. Qe3
Bg5 16. Nf4 Qe7 17. hxg4 fxg4 18. g3 h3 19. Be2 Bd7 20. Bxg4 Qg7 21. Rxh3 O-O-O
22. Rxh8 Rxh8 23. Bf3 Ne7 24. Nb3 Nf5 25. Qd2 Rh2 26. Nc5 Nxg3 27. Qb4 Qh7 28.
Qxb7+ Kd8 29. Ncxe6+ Ke7 30. Qb4+ 1-0

[Event "Calgary int."]
[Site "Calgary CAN"]
[Date "2019.08.03"]
[Round "7.3"]
[White "Zhao, Ian"]
[Black "Haessel, Dale"]
[Result "1-0"]
[WhiteElo "2198"]
[BlackElo "2148"]
[PlyCount "66"]
[EventDate "2019.07.31"]
[EventType "tourn"]
[EventRounds "10"]
[EventCountry "CAN"]
[EventCategory "1"]
[Source "Mark Crowther"]
[SourceDate "2019.08.05"]

1. e4 e5 2. Nf3 Nc6 3. Bc4 Bc5 4. O-O Nf6 5. d3 O-O 6. h3 h6 7. Re1 d6 8. c3 a6
9. Bb3 Re8 10. Nbd2 Be6 11. Bc2 d5 12. Nxe5 Nxe5 13. d4 dxe4 14. Nxe4 Nxe4 15.
Rxe4 Bd5 16. Rxe5 Rxe5 17. dxe5 Qh4 18. Be3 Bxe3 19. fxe3 Rd8 20. Qe2 Bc4 21.
Qf3 Rd2 22. Bb3 Bxb3 23. axb3 Rxb2 24. Qxb7 Qg3 25. Qa8+ Kh7 26. Qe4+ g6 27.
Rxa6 Re2 28. Rf6 Kg7 29. Rxf7+ Kg8 30. e6 Re1+ 31. Rf1 Qxe3+ 32. Qxe3 Rxe3 33.
Rf6 Rxc3 1-0

[Event "Calgary int."]
[Site "Calgary CAN"]
[Date "2019.08.04"]
[Round "8.1"]
[White "Bitan, Banerjee"]
[Black "Zhao, Ian"]
[Result "1-0"]
[WhiteElo "2423"]
[BlackElo "2198"]
[PlyCount "53"]
[EventDate "2019.07.31"]
[EventType "tourn"]
[EventRounds "10"]
[EventCountry "CAN"]
[EventCategory "1"]
[Source "Mark Crowther"]
[SourceDate "2019.08.05"]

1. c4 Nf6 2. Nc3 e6 3. e4 d5 4. cxd5 exd5 5. e5 d4 6. exf6 dxc3 7. Qe2+ Be6 8.
dxc3 Qxf6 9. Nf3 Nc6 10. Ng5 O-O-O 11. Nxe6 Re8 12. g3 Kb8 13. Bh3 fxe6 14. Bg2
e5 15. Be4 Bc5 16. b4 Bb6 17. Rb1 g5 18. a4 a5 19. bxa5 Nxa5 20. O-O h5 21. Ba3
Qe6 22. Bb4 Nc4 23. a5 Ba7 24. Bd3 Nd6 25. Bxd6 Qxd6 26. Ba6 c6 27. Rfd1 1-0

[Event "Calgary int."]
[Site "Calgary CAN"]
[Date "2019.08.04"]
[Round "8.2"]
[White "Haessel, Dale"]
[Black "Bryant, John"]
[Result "0-1"]
[WhiteElo "2148"]
[BlackElo "2417"]
[PlyCount "84"]
[EventDate "2019.07.31"]
[EventType "tourn"]
[EventRounds "10"]
[EventCountry "CAN"]
[EventCategory "1"]
[Source "Mark Crowther"]
[SourceDate "2019.08.05"]

1. d4 Nf6 2. c4 g6 3. Nc3 Bg7 4. e4 d6 5. Be2 O-O 6. Nf3 e5 7. O-O Nc6 8. d5
Ne7 9. Ne1 Nd7 10. Be3 f5 11. f3 f4 12. Bf2 g5 13. Rc1 Rf7 14. c5 Nxc5 15. b4
Na6 16. Nd3 h5 17. Nb5 Bf8 18. Nxa7 Bd7 19. a4 Ng6 20. Nb5 Rg7 21. Be1 Nh8 22.
Nf2 Nf7 23. h3 Nh6 24. Rc2 g4 25. fxg4 hxg4 26. Nxg4 Nxg4 27. Bxg4 Bxg4 28.
hxg4 Be7 29. g3 Bg5 30. Rh2 Be7 31. Rc2 Bg5 32. Rh2 Qe8 33. Kg2 Qg6 34. Qf3 Rf8
35. Bd2 Rf6 36. Rh5 c6 37. Nc3 Nxb4 38. Ne2 Nxd5 39. exd5 e4 40. Qb3 f3+ 41.
Kg1 fxe2 42. dxc6+ Qf7 0-1

[Event "Calgary int."]
[Site "Calgary CAN"]
[Date "2019.08.04"]
[Round "8.3"]
[White "Perron, Sean"]
[Black "Sarkar, Justin"]
[Result "0-1"]
[WhiteElo "2056"]
[BlackElo "2389"]
[PlyCount "90"]
[EventDate "2019.07.31"]
[EventType "tourn"]
[EventRounds "10"]
[EventCountry "CAN"]
[EventCategory "1"]
[Source "Mark Crowther"]
[SourceDate "2019.08.05"]

1. c4 Nf6 2. Nc3 e5 3. Nf3 Nc6 4. d4 exd4 5. Nxd4 Bb4 6. Bg5 h6 7. Bh4 d6 8. e3
Bxc3+ 9. bxc3 Ne5 10. Be2 O-O 11. O-O Ng6 12. Bg3 Ne4 13. Qc2 Qe7 14. Rfd1 Nxg3
15. hxg3 Re8 16. Rab1 Ne5 17. Nf3 b6 18. Nxe5 dxe5 19. Bf3 e4 20. Be2 Bd7 21.
c5 Bc6 22. cxb6 axb6 23. Rd4 Ra5 24. Bc4 h5 25. Qe2 Rea8 26. Rbd1 g6 27. g4 Kg7
28. g3 Rh8 29. Bd5 Bxd5 30. Rxd5 Rxd5 31. Rxd5 Qe6 32. Qd1 hxg4 33. Qd4+ Qf6
34. Qxe4 Qxc3 35. Kg2 Qa1 36. Qd4+ Qxd4 37. Rxd4 Ra8 38. a4 f5 39. e4 Kf6 40.
exf5 gxf5 41. f4 Ke6 42. Rb4 Ra5 43. Kf2 Kd5 44. Ke3 Kc5 45. Rd4 b5 0-1

[Event "Calgary int."]
[Site "Calgary CAN"]
[Date "2019.08.04"]
[Round "9.1"]
[White "Perron, Sean"]
[Black "Bitan, Banerjee"]
[Result "0-1"]
[WhiteElo "2056"]
[BlackElo "2423"]
[PlyCount "78"]
[EventDate "2019.07.31"]
[EventType "tourn"]
[EventRounds "10"]
[EventCountry "CAN"]
[EventCategory "1"]
[Source "Mark Crowther"]
[SourceDate "2019.08.05"]

1. c4 g6 2. Nc3 Bg7 3. e4 d6 4. d4 Nf6 5. f3 O-O 6. Be3 c5 7. Nge2 Nc6 8. d5
Ne5 9. Nc1 e6 10. Qd2 exd5 11. cxd5 a6 12. a4 Nh5 13. Be2 f5 14. exf5 gxf5 15.
O-O f4 16. Bf2 Ng6 17. Ne4 Nh4 18. Nb3 Nf5 19. Na5 Qe8 20. Nc4 Qg6 21. Bd3 Qh6
22. Ra3 Rf7 23. Re1 Bf8 24. b4 cxb4 25. Qxb4 Rg7 26. Qd2 Qg6 27. Bf1 Bd7 28.
Nb6 Re8 29. Rc3 Ne3 30. Bh4 Bf5 31. Rcxe3 fxe3 32. Qxe3 Bxe4 33. fxe4 Qg4 34.
Bf2 Nf6 35. h3 Qg6 36. Qf3 Nxe4 37. Bd3 Nd2 38. Bxg6 Nxf3+ 39. gxf3 Rxe1+ 0-1

[Event "Calgary int."]
[Site "Calgary CAN"]
[Date "2019.08.04"]
[Round "9.2"]
[White "Sarkar, Justin"]
[Black "Haessel, Dale"]
[Result "1/2-1/2"]
[WhiteElo "2389"]
[BlackElo "2148"]
[PlyCount "99"]
[EventDate "2019.07.31"]
[EventType "tourn"]
[EventRounds "10"]
[EventCountry "CAN"]
[EventCategory "1"]
[Source "Mark Crowther"]
[SourceDate "2019.08.05"]

1. e4 e5 2. Nc3 Nf6 3. f4 d5 4. fxe5 Nxe4 5. Qf3 Nc6 6. Bb5 Nxc3 7. dxc3 a6 8.
Bxc6+ bxc6 9. Qg3 Bf5 10. Nf3 Qd7 11. Qf2 Be7 12. Be3 Rb8 13. Nd4 Be4 14. Nb3
O-O 15. O-O Qe6 16. Nc5 Bxc5 17. Bxc5 Rxb2 18. Rfc1 Re8 19. c4 Qg6 20. cxd5
Rxe5 21. Bd4 Rf5 22. Qe2 Rb8 23. Rab1 Re8 24. Rb3 Rg5 25. Rg3 Rxg3 26. hxg3
cxd5 27. Qf2 Qc6 28. c3 a5 29. Re1 a4 30. a3 Rb8 31. Bc5 Rb5 32. Bb4 f6 33. Qd4
f5 34. g4 Qg6 35. Qe5 h6 36. g5 c5 37. c4 dxc4 38. Bc3 Kh7 39. Re3 Rb1+ 40. Kf2
Bd3 41. Be1 Rb6 42. gxh6 f4 43. Rh3 gxh6 44. Qc7+ Kg8 45. Qd8+ Kf7 46. Qc7+ Ke8
47. Qc8+ Ke7 48. Qc7+ Ke8 49. Qc8+ Ke7 50. Qc7+ 1/2-1/2

[Event "Calgary int."]
[Site "Calgary CAN"]
[Date "2019.08.04"]
[Round "9.3"]
[White "Bryant, John"]
[Black "Zhao, Ian"]
[Result "1-0"]
[WhiteElo "2417"]
[BlackElo "2198"]
[PlyCount "47"]
[EventDate "2019.07.31"]
[EventType "tourn"]
[EventRounds "10"]
[EventCountry "CAN"]
[EventCategory "1"]
[Source "Mark Crowther"]
[SourceDate "2019.08.05"]

1. e4 e5 2. Nf3 Nc6 3. d4 exd4 4. Nxd4 Bc5 5. Nb3 Bb6 6. Nc3 Nf6 7. Bg5 h6 8.
Bh4 O-O 9. Qe2 a5 10. O-O-O a4 11. Nd2 Bd4 12. Nb5 a3 13. b3 Bb2+ 14. Kb1 d5
15. Nc4 dxc4 16. Rxd8 Rxd8 17. Bxf6 Bxf6 18. Nxc7 cxb3 19. cxb3 Nd4 20. Qe3 Ra5
21. Nd5 Raxd5 22. exd5 Bf5+ 23. Bd3 Bg5 24. Qxd4 1-0

[Event "Calgary int."]
[Site "Calgary CAN"]
[Date "2019.08.05"]
[Round "10.1"]
[White "Haessel, Dale"]
[Black "Perron, Sean"]
[Result "1-0"]
[WhiteElo "2148"]
[BlackElo "2056"]
[PlyCount "67"]
[EventDate "2019.07.31"]
[EventType "tourn"]
[EventRounds "10"]
[EventCountry "CAN"]
[EventCategory "1"]
[Source "Mark Crowther"]
[SourceDate "2019.08.05"]

1. d4 Nf6 2. c4 g6 3. Nc3 Bg7 4. e4 d6 5. Be2 O-O 6. Nf3 e5 7. O-O Nc6 8. d5
Ne7 9. Be3 Ne8 10. Ne1 f5 11. f3 f4 12. Bf2 g5 13. c5 Rf7 14. cxd6 cxd6 15. a4
Bf8 16. Nb5 Ng6 17. Rc1 b6 18. Nd3 Nf6 19. Qc2 Bd7 20. Qc7 Qe7 21. Nxa7 g4 22.
Nc6 Qe8 23. Qxb6 g3 24. hxg3 fxg3 25. Bxg3 Nh5 26. Bh2 Bh6 27. Rc2 Rg7 28. a5
Nh4 29. g4 Nf6 30. Ncxe5 Nxg4 31. fxg4 Bxg4 32. Bxg4 Qh5 33. Kh1 Rxg4 34. Nxg4
1-0

[Event "Calgary int."]
[Site "Calgary CAN"]
[Date "2019.08.05"]
[Round "10.2"]
[White "Zhao, Ian"]
[Black "Sarkar, Justin"]
[Result "1/2-1/2"]
[WhiteElo "2198"]
[BlackElo "2389"]
[PlyCount "88"]
[EventDate "2019.07.31"]
[EventType "tourn"]
[EventRounds "10"]
[EventCountry "CAN"]
[EventCategory "1"]
[Source "Mark Crowther"]
[SourceDate "2019.08.05"]

1. e4 e5 2. Nf3 Nc6 3. Bc4 Nf6 4. d3 Bc5 5. O-O O-O 6. h3 Re8 7. c3 a6 8. Re1
Ba7 9. a4 h6 10. Nbd2 b5 11. Bb3 d5 12. exd5 Nxd5 13. d4 Nf4 14. Ne4 Ng6 15.
dxe5 Qxd1 16. Rxd1 Ncxe5 17. Nxe5 Nxe5 18. Ng3 Bb7 19. Bf4 Nc4 20. axb5 axb5
21. Bxc4 bxc4 22. Bxc7 g6 23. Kf1 Bc5 24. f3 Rxa1 25. Rxa1 f5 26. Ra5 Be3 27.
Ne2 Ra8 28. Rxa8+ Bxa8 29. Bf4 Bxf4 30. Nxf4 Kf7 31. Ne2 g5 32. Nd4 Kf6 33. Kf2
Bd5 34. g4 f4 35. Nf5 h5 36. Nd4 h4 37. Ke2 Ke5 38. Kd2 Kf6 39. Kc2 Ke5 40. Kb1
Bf7 41. Kc1 Bg8 42. Nc6+ Kd6 43. Nd4 Ke5 44. Kd2 Bf7 1/2-1/2

[Event "Calgary int."]
[Site "Calgary CAN"]
[Date "2019.08.05"]
[Round "10.3"]
[White "Bitan, Banerjee"]
[Black "Bryant, John"]
[Result "1/2-1/2"]
[WhiteElo "2423"]
[BlackElo "2417"]
[PlyCount "57"]
[EventDate "2019.07.31"]
[EventType "tourn"]
[EventRounds "10"]
[EventCountry "CAN"]
[EventCategory "1"]
[Source "Mark Crowther"]
[SourceDate "2019.08.05"]

1. d4 Nf6 2. c4 c5 3. d5 e6 4. Nc3 exd5 5. cxd5 d6 6. e4 g6 7. f4 Bg7 8. Bb5+
Nfd7 9. Nf3 O-O 10. O-O a6 11. Bd3 b5 12. Kh1 Ra7 13. Qe1 Nb6 14. f5 N8d7 15.
Qg3 Ne5 16. Bg5 Qd7 17. f6 Nxd3 18. fxg7 Re8 19. h3 b4 20. Bf6 bxc3 21. Ng5
cxb2 22. Rab1 Qb5 23. Nxh7 Nd7 24. Bc3 N3e5 25. Qh4 Kxg7 26. Ng5 Nf8 27. Bxb2
Qe2 28. Qf4 Kg8 29. Qf6 1/2-1/2

[Event "Calgary int. op"]
[Site "Calgary CAN"]
[Date "2019.08.04"]
[Round "4"]
[White "Collins, Jacob"]
[Black "Ebrahim Shirazi, Behrooz"]
[Result "0-1"]
[WhiteElo "1651"]
[BlackElo "2109"]
[PlyCount "62"]
[EventDate "2019.08.03"]
[EventType "swiss"]
[EventRounds "5"]
[EventCountry "CAN"]

1. d4 Nf6 2. Bf4 g6 3. Nc3 d5 4. Nf3 Bg7 5. Qd2 Ne4 6. Nxe4 dxe4 7. Ne5 c5 8.
e3 O-O 9. O-O-O cxd4 10. exd4 a6 11. Bc4 b5 12. Bxf7+ Rxf7 13. Nxf7 Kxf7 14.
Bxb8 Rxb8 15. Qf4+ Bf5 16. g4 Qf8 17. f3 Kg8 18. fxe4 Be6 19. Qc7 Bxg4 20. Rdf1
Qe8 21. e5 Rc8 22. Qb7 Bf5 23. Rf2 Bh6+ 24. Kb1 Be3 25. Re2 Rb8 26. Qf3 Bh6 27.
Rg1 Qd7 28. d5 Rf8 29. Qb3 Rd8 30. Rf2 Kh8 31. h4 Qxd5 0-1

[Event "Calgary int. qual."]
[Site "Calgary CAN"]
[Date "2019.06.08"]
[Round "2"]
[White "Windram, James"]
[Black "Zhao, Ian"]
[Result "0-1"]
[WhiteElo "2100"]
[BlackElo "2343"]
[PlyCount "66"]
[EventDate "2019.06.08"]
[EventType "swiss"]
[EventRounds "5"]
[EventCountry "CAN"]

1. e4 e5 2. Nf3 Nc6 3. Bb5 a6 4. Ba4 Nf6 5. O-O Be7 6. Re1 b5 7. Bb3 d6 8. c3
O-O 9. h3 Nb8 10. d4 Nbd7 11. Nbd2 Bb7 12. Bc2 Re8 13. Nf1 Bf8 14. Ng3 g6 15.
d5 c6 16. dxc6 Bxc6 17. b4 Nb6 18. Bb3 a5 19. a3 h6 20. Bd2 Qc7 21. Nh2 a4 22.
Ba2 d5 23. Qf3 Nxe4 24. Nxe4 dxe4 25. Qf6 Bd5 26. Ng4 Re6 27. Qh4 h5 28. Ne3
Bxa2 29. Rxa2 f5 30. f3 f4 31. fxe4 Be7 32. Qf2 fxe3 33. Bxe3 Nc4 0-1

[Event "Calgary int. qual."]
[Site "Calgary CAN"]
[Date "2019.06.08"]
[Round "3"]
[White "Vasic, Maxim"]
[Black "Haessel, Dale"]
[Result "0-1"]
[WhiteElo "2099"]
[BlackElo "2286"]
[PlyCount "52"]
[EventDate "2019.06.08"]
[EventType "swiss"]
[EventRounds "5"]
[EventCountry "CAN"]

1. d4 Nf6 2. c4 g6 3. Nc3 d5 4. Nf3 Bg7 5. Bf4 O-O 6. e3 c5 7. dxc5 Qa5 8. Qa4
Qxc5 9. b4 Qc6 10. Nb5 Ne4 11. Rc1 Nd7 12. Qd1 e5 13. cxd5 Qb6 14. Bg3 a6 15.
Qa4 Nxg3 16. hxg3 Nf6 17. Nc7 Rb8 18. Nxe5 Qd6 19. Nf3 Bd7 20. b5 Rbc8 21. Qa5
Nxd5 22. Rd1 Rxc7 23. Rxd5 Qxd5 24. Qxc7 Rc8 25. Bc4 Rxc7 26. Bxd5 Rc1+ 0-1

[Event "Calgary int. qual."]
[Site "Calgary CAN"]
[Date "2019.06.09"]
[Round "4"]
[White "Haessel, Dale"]
[Black "Dave, Bhavik"]
[Result "1-0"]
[WhiteElo "2286"]
[BlackElo "2053"]
[PlyCount "87"]
[EventDate "2019.06.08"]
[EventType "swiss"]
[EventRounds "5"]
[EventCountry "CAN"]

1. d4 d5 2. c4 Nc6 3. Nf3 Bg4 4. Nc3 dxc4 5. d5 Na5 6. Qa4+ c6 7. dxc6 Nxc6 8.
Bf4 Bxf3 9. exf3 Qa5 10. Qxa5 Nxa5 11. O-O-O Rd8 12. Be2 e5 13. Bxe5 Nc6 14.
Rxd8+ Kxd8 15. Bf4 Bc5 16. Bxc4 Nf6 17. Rd1+ Ke7 18. Re1+ Kd8 19. Re2 Re8 20.
Bxf7 Rxe2 21. Nxe2 Bxf2 22. Kd2 Ke7 23. Bc4 Nb4 24. Be3 Bxe3+ 25. Kxe3 b5 26.
Bxb5 Nxa2 27. Nd4 Kd6 28. Bc4 Nc1 29. Ne6 Nd5+ 30. Kd2 Kxe6 31. Kxc1 h5 32. Kd2
Ke5 33. Bxd5 Kxd5 34. Kd3 a6 35. g4 hxg4 36. fxg4 g5 37. Ke3 Kc4 38. h4 gxh4
39. Kf4 Kd5 40. g5 Ke6 41. Kg4 h3 42. Kxh3 Kf5 43. Kh4 Kg6 44. b4 1-0

[Event "Calgary int. qual."]
[Site "Calgary CAN"]
[Date "2019.06.09"]
[Round "5"]
[White "Zhao, Ian"]
[Black "Haessel, Dale"]
[Result "1-0"]
[WhiteElo "2343"]
[BlackElo "2286"]
[PlyCount "83"]
[EventDate "2019.06.08"]
[EventType "swiss"]
[EventRounds "5"]
[EventCountry "CAN"]

1. e4 e5 2. Nf3 Nf6 3. Bc4 Nc6 4. d3 h6 5. O-O d6 6. c3 g5 7. a4 Bg7 8. Re1 O-O
9. h3 Ne7 10. Nbd2 Ng6 11. Nf1 d5 12. exd5 Nxd5 13. a5 c6 14. d4 Be6 15. Nxe5
Nxe5 16. dxe5 Qc7 17. Qh5 Rae8 18. h4 Nf4 19. Bxf4 gxf4 20. Nd2 Bxc4 21. Nxc4
b5 22. axb6 axb6 23. Nd6 Re6 24. Nf5 Bxe5 25. Nxh6+ Kg7 26. Nf5+ Kg8 27. Qg5+
Kh7 28. Qh5+ Kg8 29. Qg5+ Kh7 30. Ra7 Qxa7 31. Rxe5 Rg6 32. Qh5+ Kg8 33. Ne7+
Kg7 34. Nxg6 fxg6 35. Qg5 Qa1+ 36. Kh2 Qxb2 37. h5 Qc2 38. h6+ Kh8 39. Qe7 Rg8
40. Qf6+ Kh7 41. Re7+ Kxh6 42. Qh4# 1-0

[Event "Calgary-ch Seniors"]
[Site "Calgary CAN"]
[Date "2019.03.24"]
[Round "4"]
[White "Findlay, Ian"]
[Black "Haessel, Dale"]
[Result "1-0"]
[WhiteElo "2374"]
[BlackElo "2279"]
[PlyCount "59"]
[EventDate "2019.03.23"]
[EventType "swiss"]
[EventRounds "5"]
[EventCountry "CAN"]

1. e4 e5 2. Nf3 Nc6 3. Bb5 Nf6 4. O-O Nxe4 5. d4 Nd6 6. dxe5 Nxb5 7. a4 Nbd4 8.
Nxd4 Nxd4 9. Qxd4 d5 10. exd6 Qxd6 11. Qe3+ Be6 12. Nc3 Qc6 13. Nb5 Bd6 14.
Nxd6+ Qxd6 15. b3 c5 16. Bb2 O-O 17. Rad1 Qe7 18. f4 f5 19. Rd5 Rac8 20. Re5
Rc6 21. Re1 Rf6 22. g4 Rg6 23. g5 h6 24. h4 hxg5 25. fxg5 Qd8 26. Bc1 Bd7 27.
Qd3 Qc8 28. Re7 Rge6 29. R1xe6 Rxe6 30. Rxd7 1-0

[Event "Canada int. ch"]
[Site "Longueuil CAN"]
[Date "2019.10.11"]
[Round "1.1"]
[White "Guerra, Osmany"]
[Black "Ortiz Suarez, Isan Reynaldo"]
[Result "0-1"]
[WhiteElo "2139"]
[BlackElo "2555"]
[PlyCount "66"]
[EventDate "2019.10.11"]
[EventType "swiss"]
[EventRounds "5"]
[EventCountry "CAN"]

1. e4 c5 2. Nf3 d6 3. d4 cxd4 4. Nxd4 Nf6 5. Nc3 a6 6. Be2 e6 7. O-O Be7 8. a4
O-O 9. Be3 Nc6 10. Nb3 b6 11. f4 Bb7 12. Bf3 Qc7 13. Qe2 Rfe8 14. Qf2 Nd7 15.
Rad1 Bf8 16. g4 Rac8 17. g5 g6 18. f5 Nce5 19. f6 Nxf3+ 20. Qxf3 Ne5 21. Qh3
Nc4 22. Bc1 b5 23. Rf4 h5 24. Rh4 Ne5 25. axb5 axb5 26. Bf4 b4 27. Bxe5 dxe5
28. Ne2 Qxc2 29. Rd2 Qb1+ 30. Kf2 Bxe4 31. Qe3 Bd5 32. Qd3 Qxd3 33. Rxd3 Rc2
0-1

[Event "Canada int. ch"]
[Site "Longueuil CAN"]
[Date "2019.10.11"]
[Round "1.2"]
[White "Sambuev, Bator"]
[Black "Pace, Christopher"]
[Result "1-0"]
[WhiteElo "2513"]
[BlackElo "2136"]
[PlyCount "89"]
[EventDate "2019.10.11"]
[EventType "swiss"]
[EventRounds "5"]
[EventCountry "CAN"]

1. d4 Nf6 2. c4 g6 3. Nc3 Bg7 4. e4 O-O 5. Nf3 d6 6. Be2 e5 7. O-O Nc6 8. d5
Ne7 9. Ne1 Nd7 10. Be3 f5 11. f3 Nf6 12. c5 f4 13. Bf2 g5 14. Rc1 Rf7 15. cxd6
cxd6 16. Nb5 Ng6 17. Nxa7 Bd7 18. Qb3 g4 19. Bb6 Qe7 20. Rc7 Ne8 21. Rxb7 g3
22. h3 Qh4 23. Rxd7 Rxd7 24. Nc6 Rb7 25. a4 Ne7 26. Nxe7+ Qxe7 27. Qb5 Nf6 28.
Qc6 Rxa4 29. Qxa4 Rxb6 30. Nd3 Qb7 31. Ra1 Rxb2 32. Nxb2 Qxb2 33. Bb5 Kf7 34.
Qa7+ Kg6 35. Bd3 Qd2 36. Bf1 Nd7 37. Ra6 Bf8 38. Ra2 Qd4+ 39. Qxd4 exd4 40. Bb5
Nc5 41. Kf1 Bg7 42. Ke2 Be5 43. Ra7 Bg7 44. e5 Bxe5 45. Bd3+ 1-0

[Event "Canada int. ch"]
[Site "Longueuil CAN"]
[Date "2019.10.11"]
[Round "1.4"]
[White "Roussel-Roozmon, Thomas"]
[Black "Bannon, Eric"]
[Result "1-0"]
[WhiteElo "2472"]
[BlackElo "2125"]
[PlyCount "121"]
[EventDate "2019.10.11"]
[EventType "swiss"]
[EventRounds "5"]
[EventCountry "CAN"]

1. d4 f5 2. g3 Nf6 3. Bg2 d5 4. Nf3 e6 5. O-O Bd6 6. c4 c6 7. b3 Qe7 8. Bb2 O-O
9. Nc3 Nbd7 10. Qc2 Ne4 11. e3 Ndf6 12. Ne2 Bd7 13. Ne5 Bc8 14. f3 Ng5 15. Nf4
Nd7 16. Ned3 dxc4 17. Qxc4 Nb6 18. Qc2 Nf7 19. Nc5 Nd5 20. Rfe1 Bxc5 21. dxc5
Nf6 22. Qc4 Bd7 23. Nd3 Rae8 24. Rad1 Bc8 25. b4 Kh8 26. Ne5 Rd8 27. Nxf7+ Rxf7
28. Be5 Rxd1 29. Rxd1 Nd5 30. Qd4 Kg8 31. e4 fxe4 32. Qxe4 Qg5 33. f4 Qg4 34.
Rd2 Qf5 35. Qe1 Rd7 36. Be4 Qf7 37. Bf3 Nf6 38. Bd6 h5 39. Kg2 h4 40. g4 Nd5
41. Qxh4 Ne3+ 42. Kf2 Nc4 43. Rd4 Nxd6 44. Rxd6 Qxf4 45. Rxd7 Bxd7 46. Qd8+ Kh7
47. Qxd7 Qxh2+ 48. Ke3 Qg1+ 49. Ke2 Qh2+ 50. Kd3 Qxa2 51. Qd4 Qb1+ 52. Ke3 Qg1+
53. Ke4 Qe1+ 54. Kf4 Qc1+ 55. Ke5 Qg5+ 56. Kxe6 Qg6+ 57. Ke7 Kg8 58. Qc4+ Kh8
59. Qf7 Qg5+ 60. Kd7 Qd2+ 61. Kc8 1-0

[Event "Canada int. ch"]
[Site "Longueuil CAN"]
[Date "2019.10.11"]
[Round "1.5"]
[White "Martinez Mulet, Dario Leonel"]
[Black "Gomez Garrido, Camilo Ernesto"]
[Result "0-1"]
[WhiteElo "2120"]
[BlackElo "2471"]
[PlyCount "122"]
[EventDate "2019.10.11"]
[EventType "swiss"]
[EventRounds "5"]
[EventCountry "CAN"]

1. d4 d5 2. c4 c6 3. Nf3 Nf6 4. e3 a6 5. Nbd2 Bf5 6. Be2 e6 7. O-O Nbd7 8. b3
Bd6 9. Bb2 h6 10. Rc1 O-O 11. Ne5 Qc7 12. f4 Bh7 13. Bf3 Bb4 14. g4 Bxd2 15.
Qxd2 Ne4 16. Qg2 Nxe5 17. fxe5 Qa5 18. Bc3 Nxc3 19. Qd2 Qxa2 20. Qxc3 Qa3 21.
c5 a5 22. Rf2 Qb4 23. Ra2 Qxc3 24. Rxc3 Rfb8 25. Bd1 Be4 26. Rc1 b6 27. cxb6
Rxb6 28. Ra4 Bd3 29. Rca1 Rba6 30. Kf2 Kf8 31. Ke1 Ke7 32. Kd2 Bb5 33. R4a3 Kd7
34. Be2 Kc7 35. Rf1 Rf8 36. b4 a4 37. Rc1 Bxe2 38. Kxe2 Kd7 39. Rca1 Rfa8 40.
e4 dxe4 41. Ke3 f5 42. exf6 gxf6 43. Kxe4 Ke7 44. Rc1 Rb8 45. Rb1 Rb5 46. h3 h5
47. Rb2 hxg4 48. hxg4 Ra8 49. Kf4 Kd6 50. Ke4 Rg5 51. Kf4 Rag8 52. Rg2 f5 53.
Rxa4 Rxg4+ 54. Rxg4 Rxg4+ 55. Ke3 Rg3+ 56. Ke2 Kd5 57. Ra6 Rc3 58. Kd2 Rc4 59.
b5 Rxd4+ 60. Kc3 Rc4+ 61. Kd3 cxb5 0-1